000 00505nam a2200193Ia 4500
005 20250923144717.0
008 008 250917s9999 xx 000 0 eng d
037 _aTextual
040 _aDSWL
_beng
_cDSWL
041 _aeng
_2eng
084 _a9p, N60
_qDSWL
245 0 _aCommunication or conflict
_cEd.by Mary Capes
260 _aLondon
_bTavistock Publication
_c1960
300 _a228p.
365 _aINR
_b30
925 _g30
942 _cTEXL
_h9p, N60
999 _c1442356
_d1442356